000 00523nam a2200181Ia 4500
008 240925s9999 xx 000 0 und d
020 _a130819344
082 _a005.133 HOR
100 _aHorstmann, Cay S.; Cornell, Gary
245 0 _aCore Java 2: vol II- advanced features
250 _aNA
260 _aCalifornia:
_bThe Sun Soft Press
_cNA
300 _axxii,665p.
_bNA
_fPhotocopy
500 _aIncludes Index
600 _aComputer Science
650 _aComputer science, information & general works
942 _cBK
999 _c7015
_d7015